000
00354pam a2200157a 44500
008
230515b2011 xxu||||| |||| 00| 0 eng d
020
_a
9788187433545
041
_a
ENGLISH
082
_a
0
100
_a
RAMAMRUTHAM
245
_a
STRENGTH OF MATERIAL
250
_a
0
260
_a
NEW DELHI
_b
DANPAT RAI
_c
2011
300
_a
1279
650
_a
NULL
999
_c
601453
_d
601453